Cenová problematika v účtovnej, daňovej a audítorskej praxi
Cenová legislatíva a jej aplikácia v zmluvných vzťahoch. Dohodovanie a tvorba cien pri voľných cenách a pri regulovaných cenách. Cenová problematika vo väzbe na účtovníctvo. Oceňovanie v obstarávacích cenách. Oceňovanie vo vlastných nákladoch. Oceňovanie cenami obstarania.
Enregistré dans:
| Auteur principal: | |
|---|---|
| Format: | Chapitre de livre |
| Langue: | slovaque |
| Sujets: | |
| Tags: |
Pas de tags, Soyez le premier à ajouter un tag!
|
MARC
| LEADER | 00000naa a2200000 4500 | ||
|---|---|---|---|
| 001 | r032842 | ||
| 005 | 20230929092802.7 | ||
| 041 | 0 | |a slo | |
| 044 | |a SK | ||
| 245 | 1 | 0 | |a Cenová problematika v účtovnej, daňovej a audítorskej praxi |c Ondrej Boržík |
| 520 | |a Cenová legislatíva a jej aplikácia v zmluvných vzťahoch. Dohodovanie a tvorba cien pri voľných cenách a pri regulovaných cenách. Cenová problematika vo väzbe na účtovníctvo. Oceňovanie v obstarávacích cenách. Oceňovanie vo vlastných nákladoch. Oceňovanie cenami obstarania. | ||
| 610 | 2 | 0 | |a tvorba cien |
| 610 | 2 | 0 | |a ceny |
| 610 | 2 | 0 | |a oceňovanie |
| 610 | 2 | 0 | |a regulácia cenová |
| 610 | 2 | 0 | |a predpisy právne |
| 610 | 2 | 0 | |a Slovensko |
| 610 | 2 | 0 | |a ceny voľné |
| 610 | 2 | 0 | |a náklady vlastné |
| 610 | 2 | 0 | |a ceny obstarávacie |
| 610 | 2 | 0 | |a účtovníctvo |
| 100 | 1 | |a Boržík, Ondrej | |